<?xml version="1.0" encoding="UTF-8"?>
<collection xmlns="http://www.loc.gov/MARC21/slim">
 <record>
  <leader>06274nas a22007691  4500</leader>
  <controlfield tag="001">1/50466</controlfield>
  <controlfield tag="008">071122c20059999pauqr1p       0   a0eng d</controlfield>
  <datafield tag="022" ind1=" " ind2=" ">
   <subfield code="a">1548-3657</subfield>
  </datafield>
  <datafield tag="035" ind1=" " ind2=" ">
   <subfield code="l">36404</subfield>
  </datafield>
  <datafield tag="040" ind1=" " ind2=" ">
   <subfield code="a">DLC</subfield>
   <subfield code="b">GR-PeUP</subfield>
  </datafield>
  <datafield tag="090" ind1=" " ind2=" ">
   <subfield code="a">Αλφαβητική σειρά</subfield>
  </datafield>
  <datafield tag="245" ind1="0" ind2="0">
   <subfield code="a">International Journal of Intelligent Information Technologies</subfield>
  </datafield>
  <datafield tag="260" ind1=" " ind2=" ">
   <subfield code="a">Hershey, USA :</subfield>
   <subfield code="b">Idea Group Publishing,</subfield>
   <subfield code="c">2005-</subfield>
  </datafield>
  <datafield tag="300" ind1=" " ind2=" ">
   <subfield code="a">v. :</subfield>
   <subfield code="b">ill. ;</subfield>
   <subfield code="c">26 cm.</subfield>
  </datafield>
  <datafield tag="310" ind1=" " ind2=" ">
   <subfield code="a">Quarterly</subfield>
  </datafield>
  <datafield tag="362" ind1="0" ind2=" ">
   <subfield code="a">Vol.2, no.1(Jan./Mar. 2006)-v.64, no.2(April 2000)</subfield>
  </datafield>
  <datafield tag="546" ind1=" " ind2=" ">
   <subfield code="a">English</subfield>
  </datafield>
  <datafield tag="650" ind1=" " ind2="4">
   <subfield code="a">Intelligent agents (Computer Software)</subfield>
   <subfield code="v">Periodicals.</subfield>
  </datafield>
  <datafield tag="650" ind1=" " ind2="4">
   <subfield code="a">Information technology</subfield>
   <subfield code="v">Periodicals.</subfield>
  </datafield>
  <datafield tag="710" ind1="2" ind2=" ">
   <subfield code="a">Information Resources Management Association.</subfield>
  </datafield>
  <datafield tag="852" ind1=" " ind2=" ">
   <subfield code="a">INST</subfield>
   <subfield code="b">UNIPILB</subfield>
   <subfield code="c">SERIALS</subfield>
   <subfield code="e">20071126</subfield>
   <subfield code="h">Αλφαβητική σειρά</subfield>
   <subfield code="p">58550</subfield>
   <subfield code="q">58550</subfield>
   <subfield code="t">NOLOAN</subfield>
   <subfield code="v">vol.2;no.1:(Μήνας)January;(Έτος)2006</subfield>
   <subfield code="y">23</subfield>
  </datafield>
  <datafield tag="852" ind1=" " ind2=" ">
   <subfield code="a">INST</subfield>
   <subfield code="b">UNIPILB</subfield>
   <subfield code="c">SERIALS</subfield>
   <subfield code="e">20071126</subfield>
   <subfield code="h">Αλφαβητική σειρά</subfield>
   <subfield code="p">58551</subfield>
   <subfield code="q">58551</subfield>
   <subfield code="t">NOLOAN</subfield>
   <subfield code="v">vol.2;no.2:(Μήνας)April;(Έτος)2006</subfield>
   <subfield code="y">23</subfield>
  </datafield>
  <datafield tag="852" ind1=" " ind2=" ">
   <subfield code="a">INST</subfield>
   <subfield code="b">UNIPILB</subfield>
   <subfield code="c">SERIALS</subfield>
   <subfield code="e">20071126</subfield>
   <subfield code="h">Αλφαβητική σειρά</subfield>
   <subfield code="p">58552</subfield>
   <subfield code="q">58552</subfield>
   <subfield code="t">NOLOAN</subfield>
   <subfield code="v">vol.2;no.3:(Μήνας)July;(Έτος)2006</subfield>
   <subfield code="y">23</subfield>
  </datafield>
  <datafield tag="852" ind1=" " ind2=" ">
   <subfield code="a">INST</subfield>
   <subfield code="b">UNIPILB</subfield>
   <subfield code="c">SERIALS</subfield>
   <subfield code="e">20071126</subfield>
   <subfield code="h">Αλφαβητική σειρά</subfield>
   <subfield code="p">58553</subfield>
   <subfield code="q">58553</subfield>
   <subfield code="t">NOLOAN</subfield>
   <subfield code="v">vol.2;no.4:(Μήνας)October;(Έτος)2006</subfield>
   <subfield code="y">23</subfield>
  </datafield>
  <datafield tag="852" ind1=" " ind2=" ">
   <subfield code="a">INST</subfield>
   <subfield code="b">UNIPILB</subfield>
   <subfield code="c">SERIALS</subfield>
   <subfield code="e">20071126</subfield>
   <subfield code="h">Αλφαβητική σειρά</subfield>
   <subfield code="p">58554</subfield>
   <subfield code="q">58554</subfield>
   <subfield code="t">NOLOAN</subfield>
   <subfield code="v">vol.3;no.1:(Μήνας)January;(Έτος)2007</subfield>
   <subfield code="y">23</subfield>
  </datafield>
  <datafield tag="852" ind1=" " ind2=" ">
   <subfield code="a">INST</subfield>
   <subfield code="b">UNIPILB</subfield>
   <subfield code="c">SERIALS</subfield>
   <subfield code="e">20071126</subfield>
   <subfield code="h">Αλφαβητική σειρά</subfield>
   <subfield code="p">58555</subfield>
   <subfield code="q">58555</subfield>
   <subfield code="t">NOLOAN</subfield>
   <subfield code="v">vol.3;no.2:(Μήνας)April;(Έτος)2007</subfield>
   <subfield code="y">23</subfield>
  </datafield>
  <datafield tag="852" ind1=" " ind2=" ">
   <subfield code="a">INST</subfield>
   <subfield code="b">UNIPILB</subfield>
   <subfield code="c">SERIALS</subfield>
   <subfield code="e">20071126</subfield>
   <subfield code="h">Αλφαβητική σειρά</subfield>
   <subfield code="p">58556</subfield>
   <subfield code="q">58556</subfield>
   <subfield code="t">NOLOAN</subfield>
   <subfield code="v">vol.3;no.3:(Μήνας)July;(Έτος)2007</subfield>
   <subfield code="y">23</subfield>
  </datafield>
  <datafield tag="852" ind1=" " ind2=" ">
   <subfield code="a">INST</subfield>
   <subfield code="b">UNIPILB</subfield>
   <subfield code="c">SERIALS</subfield>
   <subfield code="e">20071126</subfield>
   <subfield code="h">Αλφαβητική σειρά</subfield>
   <subfield code="p">58557</subfield>
   <subfield code="q">58557</subfield>
   <subfield code="t">NOLOAN</subfield>
   <subfield code="v">vol.3;no.4:(Μήνας)October;(Έτος)2007</subfield>
   <subfield code="y">23</subfield>
  </datafield>
  <datafield tag="852" ind1=" " ind2=" ">
   <subfield code="a">INST</subfield>
   <subfield code="b">UNIPILB</subfield>
   <subfield code="c">SERIALS</subfield>
   <subfield code="e">20091211</subfield>
   <subfield code="h">Αλφαβητική σειρά</subfield>
   <subfield code="p">65808</subfield>
   <subfield code="q">65808</subfield>
   <subfield code="t">NOLOAN</subfield>
   <subfield code="v">vol.5;no.1:(Μήνες)Jan.-Mar.;(Έτος)2009</subfield>
   <subfield code="y">23</subfield>
  </datafield>
  <datafield tag="852" ind1=" " ind2=" ">
   <subfield code="a">INST</subfield>
   <subfield code="b">UNIPILB</subfield>
   <subfield code="c">SERIALS</subfield>
   <subfield code="e">20091211</subfield>
   <subfield code="h">Αλφαβητική σειρά</subfield>
   <subfield code="p">65809</subfield>
   <subfield code="q">65809</subfield>
   <subfield code="t">NOLOAN</subfield>
   <subfield code="v">vol.5;no.2:(Μήνες)Apr.-Jun.;(Έτος)2009</subfield>
   <subfield code="y">23</subfield>
  </datafield>
  <datafield tag="852" ind1=" " ind2=" ">
   <subfield code="a">INST</subfield>
   <subfield code="b">UNIPILB</subfield>
   <subfield code="c">SERIALS</subfield>
   <subfield code="e">20091211</subfield>
   <subfield code="h">Αλφαβητική σειρά</subfield>
   <subfield code="p">65810</subfield>
   <subfield code="q">65810</subfield>
   <subfield code="t">NOLOAN</subfield>
   <subfield code="v">vol.5;no.3:(Μήνες)Jul.-Sep.;(Έτος)2009</subfield>
   <subfield code="y">23</subfield>
  </datafield>
  <datafield tag="852" ind1=" " ind2=" ">
   <subfield code="a">INST</subfield>
   <subfield code="b">UNIPILB</subfield>
   <subfield code="c">SERIALS</subfield>
   <subfield code="e">20100127</subfield>
   <subfield code="h">Αλφαβητική σειρά</subfield>
   <subfield code="p">66438</subfield>
   <subfield code="q">66438</subfield>
   <subfield code="t">NOLOAN</subfield>
   <subfield code="v">vol.5;no.4:(Μήνες)Oct.-Dec.;(Έτος)2009</subfield>
   <subfield code="y">23</subfield>
  </datafield>
  <datafield tag="852" ind1=" " ind2=" ">
   <subfield code="a">INST</subfield>
   <subfield code="b">UNIPILB</subfield>
   <subfield code="c">SERIALS</subfield>
   <subfield code="e">20100706</subfield>
   <subfield code="h">Αλφαβητική σειρά</subfield>
   <subfield code="p">69402</subfield>
   <subfield code="q">69402</subfield>
   <subfield code="t">NOLOAN</subfield>
   <subfield code="v">vol.6;no.1:(Μήνες)Jan.-Mar.;(Έτος)2010</subfield>
   <subfield code="y">23</subfield>
  </datafield>
  <datafield tag="852" ind1=" " ind2=" ">
   <subfield code="a">INST</subfield>
   <subfield code="b">UNIPILB</subfield>
   <subfield code="c">SERIALS</subfield>
   <subfield code="e">20100826</subfield>
   <subfield code="h">Αλφαβητική σειρά</subfield>
   <subfield code="p">69626</subfield>
   <subfield code="q">69626</subfield>
   <subfield code="t">NOLOAN</subfield>
   <subfield code="v">vol.6;no.2:(Μήνες)Apr.-Jun.;(Έτος)2010</subfield>
   <subfield code="y">23</subfield>
  </datafield>
  <datafield tag="852" ind1=" " ind2=" ">
   <subfield code="a">INST</subfield>
   <subfield code="b">UNIPILB</subfield>
   <subfield code="c">SERIALS</subfield>
   <subfield code="e">20101005</subfield>
   <subfield code="h">Αλφαβητική σειρά</subfield>
   <subfield code="p">70048</subfield>
   <subfield code="q">70048</subfield>
   <subfield code="t">NOLOAN</subfield>
   <subfield code="v">vol.6;no.3:(Μήνες)Jul.-Sep.;(Έτος)2010</subfield>
   <subfield code="y">23</subfield>
  </datafield>
  <datafield tag="852" ind1=" " ind2=" ">
   <subfield code="a">INST</subfield>
   <subfield code="b">UNIPILB</subfield>
   <subfield code="c">SERIALS</subfield>
   <subfield code="e">20110125</subfield>
   <subfield code="h">Αλφαβητική σειρά</subfield>
   <subfield code="p">70946</subfield>
   <subfield code="q">70946</subfield>
   <subfield code="t">NOLOAN</subfield>
   <subfield code="v">vol.6;no.4:(Μήνες)Oct.-Dec.;(Έτος)2010</subfield>
   <subfield code="y">23</subfield>
  </datafield>
  <datafield tag="852" ind1=" " ind2=" ">
   <subfield code="a">INST</subfield>
   <subfield code="b">UNIPILB</subfield>
   <subfield code="c">SERIALS</subfield>
   <subfield code="e">20110929</subfield>
   <subfield code="h">Αλφαβητική σειρά</subfield>
   <subfield code="p">72811</subfield>
   <subfield code="q">72811</subfield>
   <subfield code="t">NOLOAN</subfield>
   <subfield code="v">vol.7;no.1:(Μήνες)Jan.-Mar.;(Έτος)2011</subfield>
   <subfield code="y">23</subfield>
  </datafield>
  <datafield tag="852" ind1=" " ind2=" ">
   <subfield code="a">INST</subfield>
   <subfield code="b">UNIPILB</subfield>
   <subfield code="c">SERIALS</subfield>
   <subfield code="e">20110929</subfield>
   <subfield code="h">Αλφαβητική σειρά</subfield>
   <subfield code="p">72813</subfield>
   <subfield code="q">72813</subfield>
   <subfield code="t">NOLOAN</subfield>
   <subfield code="v">vol.7;no.2:(Μήνες)Apr.-Jun.;(Έτος)2011</subfield>
   <subfield code="y">23</subfield>
  </datafield>
  <datafield tag="852" ind1=" " ind2=" ">
   <subfield code="a">INST</subfield>
   <subfield code="b">UNIPILB</subfield>
   <subfield code="c">SERIALS</subfield>
   <subfield code="e">20111125</subfield>
   <subfield code="h">Αλφαβητική σειρά</subfield>
   <subfield code="p">73546</subfield>
   <subfield code="q">73546</subfield>
   <subfield code="t">NOLOAN</subfield>
   <subfield code="v">vol.7;no.3:(Μήνες)Jul.-Sep.;(Έτος)2011</subfield>
   <subfield code="y">23</subfield>
  </datafield>
  <datafield tag="852" ind1=" " ind2=" ">
   <subfield code="a">INST</subfield>
   <subfield code="b">UNIPILB</subfield>
   <subfield code="c">SERIALS</subfield>
   <subfield code="e">20120116</subfield>
   <subfield code="h">Αλφαβητική σειρά</subfield>
   <subfield code="p">73928</subfield>
   <subfield code="q">73928</subfield>
   <subfield code="t">NOLOAN</subfield>
   <subfield code="v">vol.7;no.4:(Μήνες)Oct.-Nov.;(Έτος)2011</subfield>
   <subfield code="y">23</subfield>
  </datafield>
  <datafield tag="852" ind1=" " ind2=" ">
   <subfield code="a">INST</subfield>
   <subfield code="b">UNIPILB</subfield>
   <subfield code="c">SERIALS</subfield>
   <subfield code="e">20120706</subfield>
   <subfield code="h">Αλφαβητική σειρά</subfield>
   <subfield code="p">75999</subfield>
   <subfield code="q">75999</subfield>
   <subfield code="t">NOLOAN</subfield>
   <subfield code="v">vol.8;no.1:(Μήνες)Jan.-Feb.;(Έτος)2012</subfield>
   <subfield code="y">23</subfield>
  </datafield>
  <datafield tag="852" ind1=" " ind2=" ">
   <subfield code="a">INST</subfield>
   <subfield code="b">UNIPILB</subfield>
   <subfield code="c">SERIALS</subfield>
   <subfield code="e">20120706</subfield>
   <subfield code="h">Αλφαβητική σειρά</subfield>
   <subfield code="p">76000</subfield>
   <subfield code="q">76000</subfield>
   <subfield code="t">NOLOAN</subfield>
   <subfield code="v">vol.8;no.2:(Μήνες)Apr.-May;(Έτος)2012</subfield>
   <subfield code="y">23</subfield>
  </datafield>
  <datafield tag="852" ind1=" " ind2=" ">
   <subfield code="a">INST</subfield>
   <subfield code="b">UNIPILB</subfield>
   <subfield code="c">SERIALS</subfield>
   <subfield code="e">20120913</subfield>
   <subfield code="h">Αλφαβητική σειρά</subfield>
   <subfield code="p">76496</subfield>
   <subfield code="q">76496</subfield>
   <subfield code="t">NOLOAN</subfield>
   <subfield code="v">vol.8;no.3:(Μήνες)Jul.-Aug.;(Έτος)2012</subfield>
   <subfield code="y">23</subfield>
  </datafield>
  <datafield tag="852" ind1=" " ind2=" ">
   <subfield code="a">INST</subfield>
   <subfield code="b">UNIPILB</subfield>
   <subfield code="c">SERIALS</subfield>
   <subfield code="e">20130513</subfield>
   <subfield code="h">Αλφαβητική σειρά</subfield>
   <subfield code="p">79449</subfield>
   <subfield code="q">79449</subfield>
   <subfield code="t">NOLOAN</subfield>
   <subfield code="v">vol.8;no.4:(Μήνες)Oct.-Nov.;(Έτος)2012</subfield>
   <subfield code="y">23</subfield>
  </datafield>
  <datafield tag="852" ind1=" " ind2=" ">
   <subfield code="a">INST</subfield>
   <subfield code="b">UNIPILB</subfield>
   <subfield code="c">SERIALS</subfield>
   <subfield code="e">20131122</subfield>
   <subfield code="h">Αλφαβητική σειρά</subfield>
   <subfield code="p">81442</subfield>
   <subfield code="q">81442</subfield>
   <subfield code="t">NOLOAN</subfield>
   <subfield code="v">vol.9;no.1:(Μήνες)Jan.-Feb.;(Έτος)2013</subfield>
   <subfield code="y">23</subfield>
  </datafield>
  <datafield tag="852" ind1=" " ind2=" ">
   <subfield code="a">INST</subfield>
   <subfield code="b">UNIPILB</subfield>
   <subfield code="c">SERIALS</subfield>
   <subfield code="e">20131122</subfield>
   <subfield code="h">Αλφαβητική σειρά</subfield>
   <subfield code="p">81443</subfield>
   <subfield code="q">81443</subfield>
   <subfield code="t">NOLOAN</subfield>
   <subfield code="v">vol.9;no.2:(Μήνες)Apr.-May;(Έτος)2013</subfield>
   <subfield code="y">23</subfield>
  </datafield>
  <datafield tag="852" ind1=" " ind2=" ">
   <subfield code="a">INST</subfield>
   <subfield code="b">UNIPILB</subfield>
   <subfield code="c">SERIALS</subfield>
   <subfield code="e">20140110</subfield>
   <subfield code="h">Αλφαβητική σειρά</subfield>
   <subfield code="p">81816</subfield>
   <subfield code="q">81816</subfield>
   <subfield code="t">NOLOAN</subfield>
   <subfield code="v">vol.9;no.3:(Μήνες)Jul./Sept.;(Έτος)2013</subfield>
   <subfield code="y">23</subfield>
  </datafield>
  <datafield tag="852" ind1=" " ind2=" ">
   <subfield code="a">INST</subfield>
   <subfield code="b">UNIPILB</subfield>
   <subfield code="c">SERIALS</subfield>
   <subfield code="e">20140515</subfield>
   <subfield code="h">Αλφαβητική σειρά</subfield>
   <subfield code="p">83159</subfield>
   <subfield code="q">83159</subfield>
   <subfield code="t">NOLOAN</subfield>
   <subfield code="v">vol.9;no.4:(Μήνες)Oct./Dec.;(Έτος)2013</subfield>
   <subfield code="y">23</subfield>
  </datafield>
  <datafield tag="856" ind1="4" ind2="1">
   <subfield code="u">www.idea-group.com</subfield>
  </datafield>
  <datafield tag="900" ind1=" " ind2=" ">
   <subfield code="a">Vol. 10 no. 1 (Jan.-Feb. 2014)</subfield>
   <subfield code="b">Οφειλόμενο</subfield>
   <subfield code="c">13/06/2017</subfield>
  </datafield>
  <datafield tag="950" ind1=" " ind2=" ">
   <subfield code="a">01/01/2006</subfield>
   <subfield code="c">SWETS INFORMATION SERVICES</subfield>
   <subfield code="d">766</subfield>
  </datafield>
  <datafield tag="951" ind1=" " ind2=" ">
   <subfield code="a">Vol. 9 no. 4  (Oct./Dec. 2013)</subfield>
   <subfield code="b">Main run</subfield>
  </datafield>
  <datafield tag="951" ind1=" " ind2=" ">
   <subfield code="a">Vol. 2 no. 1 (January 2006) - Vol. 3 no. 4 (October 2007)</subfield>
   <subfield code="b">Main run</subfield>
  </datafield>
  <datafield tag="951" ind1=" " ind2=" ">
   <subfield code="a">Vol. 5 no. 1  (Jan.-Mar. 2009)</subfield>
   <subfield code="b">Main run</subfield>
  </datafield>
  <datafield tag="951" ind1=" " ind2=" ">
   <subfield code="a">Vol. 5 no. 2 (Apr., 2009) - Vol. 5 no. 3 (Sep., 2009)</subfield>
   <subfield code="b">Main run</subfield>
  </datafield>
  <datafield tag="951" ind1=" " ind2=" ">
   <subfield code="a">Vol. 5 no. 4  (Oct.-Dec. 2009)</subfield>
   <subfield code="b">Main run</subfield>
  </datafield>
  <datafield tag="951" ind1=" " ind2=" ">
   <subfield code="a">Vol. 6 no. 1  (Jan.-Mar. 2010)</subfield>
   <subfield code="b">Main run</subfield>
  </datafield>
  <datafield tag="951" ind1=" " ind2=" ">
   <subfield code="a">Vol. 6 no. 2  (Apr.-Jun. 2010)</subfield>
   <subfield code="b">Main run</subfield>
  </datafield>
  <datafield tag="951" ind1=" " ind2=" ">
   <subfield code="a">Vol. 6 no. 3  (Jul.-Sep. 2010)</subfield>
   <subfield code="b">Main run</subfield>
  </datafield>
  <datafield tag="951" ind1=" " ind2=" ">
   <subfield code="a">Vol. 6 no. 4  (Oct.-Dec. 2010)</subfield>
   <subfield code="b">Main run</subfield>
  </datafield>
  <datafield tag="951" ind1=" " ind2=" ">
   <subfield code="a">Vol. 7 no. 1  (Jan.-Mar. 2011)</subfield>
   <subfield code="b">Main run</subfield>
  </datafield>
  <datafield tag="951" ind1=" " ind2=" ">
   <subfield code="a">Vol. 7 no. 2  (Apr.-Jun. 2011)</subfield>
   <subfield code="b">Main run</subfield>
  </datafield>
  <datafield tag="951" ind1=" " ind2=" ">
   <subfield code="a">Vol. 7 no. 3  (Jul.-Sep. 2011)</subfield>
   <subfield code="b">Main run</subfield>
  </datafield>
  <datafield tag="951" ind1=" " ind2=" ">
   <subfield code="a">Vol. 7 no. 4 (Oct.-Nov. 2011)</subfield>
   <subfield code="b">Main run</subfield>
  </datafield>
  <datafield tag="951" ind1=" " ind2=" ">
   <subfield code="a">Vol. 8 no. 1 (Jan.-Feb. 2012) - Vol. 8 no. 4 (Oct.-Nov. 2012)</subfield>
   <subfield code="b">Main run</subfield>
  </datafield>
  <datafield tag="951" ind1=" " ind2=" ">
   <subfield code="a">Vol. 9 no. 1 (Jan.-Feb. 2013) - Vol. 9 no. 2 (Apr.-May 2013)</subfield>
   <subfield code="b">Main run</subfield>
  </datafield>
  <datafield tag="951" ind1=" " ind2=" ">
   <subfield code="a">Vol. 9 no. 3  (Jul./Sept. 2013)</subfield>
   <subfield code="b">Main run</subfield>
  </datafield>
 </record>
</collection>
